Canzoni di Flaco G - Statistics

Statistiche generali
  • Questo quiz è stato fatto 4 volte
  • Il punteggio medio è 6 su 26
Statistiche sulle risposte
Album Anno Feat Risposta % Corretto
GOLD FELLA 2025 - FASHION KILLA
100%
GOLD FELLA 2025 Shiva GDE WOW
100%
- 2023 - KAIOKEN
100%
GOLD FELLA 2025 - KAIOKEN X2
100%
GOLD FELLA 2025 Niky Savage AHAH
25%
- 2024 - ALWAYS ME
25%
- 2024 Quame, 4TheNight FISCHIO
25%
GOLD FELLA 2025 - NO DECODER
25%
- 2024 22simba QUELLI COME ME
25%
GOLD FELLA 2025 - SIGARETTE ROSSE
25%
GOLD FELLA 2025 - TOUR
25%
- 2025 - TOUR
25%
- 2024 - 2 MINUTI DI NOTORIETA
0%
GOLD FELLA 2025 - BACIO SULLA GUANCIA
0%
- 2021 K.S Barrio
0%
- 2023 Kfresco, Exagora ETNA
0%
- 2024 Smookid, 4TheNight HANGAR
0%
- 2023 Robi Tropea Je T'aime
0%
GOLD FELLA 2025 Vale Lambo LOFT
0%
- 2023 - Maldestro
0%
- 2024 4TheNight MILANO SOUTHSIDE
0%
GOLD FELLA 2025 Low-Red NEXT UP
0%
- 2023 Robi Tropea, SquaLow Pizzo
0%
- 2022 - Sali Scendi
0%
- 2022 - Tourista
0%
GOLD FELLA 2025 - UNA CHANCE
0%
Nessun quiz corrispondente trovato
Distribuzione punteggi
Percentuale di utenti per punteggio
Percentile per numero di risposta
I tuoi punteggi nel tempo
Non hai fatto questo quiz